| 000 | 00711nam a22002297a 4500 | ||
|---|---|---|---|
| 999 |
_c33462 _d33462 |
||
| 001 | 2691 | ||
| 003 | CO-MdFUSB | ||
| 005 | 20171120084719.0 | ||
| 008 | 171120t2000 xxu||||| |||| 00| 0 spa d | ||
| 020 | _a1-58516-024-5 | ||
| 040 |
_aCO-MdFUSB _bspa _cCO-MdFUSB _dCO-MdFUSBC _erda |
||
| 041 | 0 | _aspa | |
| 082 | 0 | 4 | _aG 226.1 A51213s |
| 245 | 0 |
_aSinópsis de los cuatro evangelios. Versión Reina-Valera 1960 _c/ Wesley Matzigkeit, Editor |
|
| 264 | 4 |
_aNew York, USA : _bAmerican Bible Society, _c©2000 |
|
| 300 | _a281 Pag | ||
| 336 |
_2rdacontent _atexto _btxt |
||
| 337 |
_2rdamedia _asin mediación _bn |
||
| 338 |
_2rdacarrier _avolumen _bnc |
||
| 653 | _aBiblia N.T. - Evangelios sinópticos | ||
| 942 | _cBK | ||